| 000 | 01472nam0a2200325 4500 | ||
|---|---|---|---|
| 001 | RU\NLR\BIBL_A\011950990 | ||
| 005 | 20220830100138.0 | ||
| 010 |
_a978-5-377-14216-4 _d10000 экз. |
||
| 021 |
_aRU _bКН-П-19-006359 _9КН-П-19-0470 |
||
| 035 | _a(NLR Aleph) 011950990 | ||
| 035 | _a(RuMoRGB)009883151 | ||
| 090 |
_a11148304 _c11148304 |
||
| 100 | _a20190304d2019 u y0rusy50 ca | ||
| 101 | 0 | _arus | |
| 102 | _aRU | ||
| 105 | _a||||zzzz0|||y | ||
| 200 | 1 |
_aКонтрольные работы по истории России. 8 класс _eк учебнику под редакцией А. В. Торкунова "История России. 8 кл." (М.: Просвещение) _fЯ. В. Соловьёв |
|
| 210 |
_aМосква _cЭкзамен _d2019 |
||
| 215 |
_a96 с. _cил., табл. _d24 |
||
| 225 | 2 | _aФГОС | |
| 225 | 2 |
_aУчебно-методический комплект _eФГОС. УМК |
|
| 225 | 2 | _aИстория России | |
| 488 | 0 |
_12001#$aИстория России. 8 класс _tИстория России. 8 класс |
|
| 606 |
_aИстория. Исторические науки -- Россия -- Учебно-методическое пособие для средней школы _2rubbk |
||
| 686 |
_aТ3(2)я721-14 _2rubbk |
||
| 700 | 1 |
_aСоловьёв _bЯ. В. _gЯн Владимирович |
|
| 942 | _cBOOK | ||
| 980 | _aNBR | ||
| 980 | _aNB | ||